000 01423nam a2200301 a 4500
001 000011832
003 DO-SdBNP
005 20220207080003.0
007 000011832
008 091028s2000 dr 000 0 spa d
020 _a9993431036
040 _aBPMSU
_bspa
_cBPMSU
049 _a
082 _aRD863.44
_bC292c 2000
_222
100 1 _aCaro, Néstor,
_d1917-
245 1 0 _aCuentos completos /
_cNéstor Caro.
260 _aSanto Domingo :
_bBiblioteca Nacional,
_c2000.
300 _a121 p. ;
_c23 cm.
490 _aBiblioteca Nacional de la República Dominicana
_aNarrativa
_v2/1
500 _3Incluye datos biográficos del autor en la solapa de la cubierta
505 0 _gCielo Negro: cuentos (1950) --
_tCielo negro ;
_tNuestro pan ;
_tWilí ;
_tEl funcionario ;
_tEl hombre del saco ;
_tEl hombre de la calle ;
_tEl hombrecito ;
_tLos amos buenos ;
_tChano ;
_tLa dueña del llano ;
_tMis amores ;
_tSur ;
_tLos cuentos de Néstor Caro ;
_gSándalo : cuentos (1975) --
_tHabía una vez un hombre llamado Sándalo ;
_tLa casa llanera ;
_tGuanuma ;
_tCelosía ;
_tEl tipo aquél ;
_tEl señor Bonnier ;
_tUna mujer ;
_tDios --
_gApéndice : Los cuentos de Néstor Caro. Por Enrique García Ruiz.
590 _6Inventariado, 2022/VM
650 4 _aCuentos dominicanos
_cColecciones
650 4 _aLiteratura dominicanan
710 2 _aBiblioteca Nacional (República Dominicana)
910 _aVMateo V.
942 _2ddc
_cBK
999 _c7243
_d7243